Vitamin-Bestimmungen : Erprobte Methoden. /
Guardado en:
| Autor Principal: | |
|---|---|
| Formato: | Libro |
| Idioma: | German |
| Publicado: |
Weinheim :
Verlag Chemie,
1963.
|
| Etiquetas: |
Agregar Etiqueta
Sin Etiquetas, Sea el primero en etiquetar este registro!
|
| LEADER | 00479nam a22001575a 4500 | ||
|---|---|---|---|
| 001 | EUN.um018708 | ||
| 003 | AR-BaUNS | ||
| 005 | 20050623122859.0 | ||
| 008 | 041125s1963####xx#a##########000#0#ger#d | ||
| 245 | 1 | 0 | |a Vitamin-Bestimmungen : |b Erprobte Methoden. / |c Rolf Strohecker. |
| 260 | |a Weinheim : |b Verlag Chemie, |c 1963. | ||
| 300 | |a 365 p. : |b ilus. ; |c 24 cm. | ||
| 100 | 1 | |a Strohecker, Rolf. | |
| 082 | 0 | 4 | |a 547.96 |
| 082 | 0 | 4 | |a 543.4 |
| 859 | |a Ar-BaUNS |b BIB. CENTRAL - Sector C |h 547.96 |i St87 |p 47357/968 | ||
